000 01270nam a2200349 i 4500
003 EG-GICUC
005 20260121101350.0
008 251127s2008 ua ||||fr|||| 00| 0 ara d
017 _a2008/21887
020 _a977130383X
040 _a EG-GICUC
_bara
_c EG-GICUC
_d EG-GICUC
_erda
041 0 _aara
082 0 4 _221
_a343.431
_bأ ح . م
092 0 4 _221
099 _aLaw1 10 343.431 أ ح . م 2 ed - 2008
100 0 _aأحمد فتحى سرور
_eمؤلف.
245 1 2 _aالمواجهة القانونية للإرهاب /
_cالأستاذ الدكتور أحمد فتحى سرور.
250 _aالطبعة الثانية منقحة ومزيدة
264 1 _aالقاهرة :
_bمؤسسة الأهرام،
_c2008.
300 _a467 صفحة ؛
_c24 سم.
336 _2rda content
_atext
337 _2rda media
_aComputer
338 _2rda carrier
_aOnline Resource
500 _aيحتوى على كشاف
504 _a. 423-434 ببليوجرافيا: صفحات
546 _aالنص باللغة العربية
650 1 4 _aالتشريع الخاص بالإرهاب
650 1 4 _aالقانون الجنائي
856 4 0 _uhttps://fll.law.cu.edu.eg/fulltext/bks/B10-06832.pdf
905 _a77
_eHassnaa
942 _2ddc
_cBK
_e21
_n0
999 _c46359
_d46359